000 00775nam a22002177a 4500
999 _c2271
_d2271
003 AR-CdUCM
008 190304b ||||| |||| 00| 0 spa d
040 _aMUNICIPALIDAD PROVINCIAL DEL CUSCO
_cBIBLIOTECA MUNICIPAL DEL CUSCO
082 _a327.7 /
_bD89
100 _aDonovan, Frank
_98200
245 _aHistoria de la doctrina Monroe /
260 _aMéxico :
_bDiana,
_c1966.
300 _a213 páginas ;
_c18 cm.
440 _aModerna.
_98201
505 _aContenido: ¿Qué es la doctrina Monroe? -- La amenaza rusa -- El primer fallecimiento -- La primera gran prueba -- La edad de oro de la doctrina ...
650 _aDeclaración
_98202
650 _aRelaciones internacionales
_93395
650 _aPotencias europeas
_98203
942 _2ddc
_cLIBROS
945 _aafb